Essentials of statistics for business and economics / (Record no. 599044)

000 -LEADER
fixed length control field 00353nam a2200121Ia 4500
008 - FIXED-LENGTH DATA ELEMENTS--GENERAL INFORMATION
fixed length control field 230907s9999||||xx |||||||||||||| ||und||
082 ## - DEWEY DECIMAL CLASSIFICATION NUMBER
Classification number 519.5
Author Mark ESS
100 ## - MAIN ENTRY--PERSONAL NAME
Personal name Anderson, David R.
9 (RLIN) 112363
245 #0 - TITLE STATEMENT
Title Essentials of statistics for business and economics /
300 ## - PHYSICAL DESCRIPTION
Extent xxvi, 726 pages :
650 ## - SUBJECT ADDED ENTRY--TOPICAL TERM
Topical term or geographic name entry element Problems, exercises, etc.
9 (RLIN) 111794
942 ## - ADDED ENTRY ELEMENTS (KOHA)
Koha item type Book
Holdings
Withdrawn status Lost status Damaged status Not for loan Permanent Location Current Location Date acquired Total Checkouts Full call number Barcode Date last seen Price effective from Koha item type
        US-Pakistan Center for Advanced Studies in Energy (USPCAS-E) US-Pakistan Center for Advanced Studies in Energy (USPCAS-E) 08/16/2019   519.5 ESS CAS-E0003143 09/12/2023 09/12/2023 Book
© 2023 Central Library, National University of Sciences and Technology. All Rights Reserved.